Предметно-ориентированные экономические информационные системы: учебник для вузов

Chi tiết về thư mục
Tác giả chính: Бодров О. А. Олег Анатольевич
Tác giả khác: Медведев Р. Е. Роман Евгеньевич
Tóm tắt:Приведены сведения о месте и роли информационных систем в управлении экономическими объектами. Даны основные понятия в области экономических информационных систем, принципы их построения и функционирования, цели и задачи, виды различного обеспечения систем. Приведены структурные особенности экономических информационных систем для различных сфер экономической и управленческой деятельности: бухгалтерских, налоговых, банковских, страховых, корпоративных, таможенных информационных систем, информационных систем рынка ценных бумаг, дистанционных информационных систем. Приведены характеристики информационных систем различных предметных областей, а также рассмотрены решаемые ими задачи. Рассмотрены вопросы классификации предметно-ориентированных экономических информационных систем, особенности их разработки и структуры. Для студентов вузов, обучающихся по направлению «Прикладная информатика (в экономике)», будет полезна аспирантам и специалистам в области разработки и эксплуатации экономических информационных систем.
Ngôn ngữ:Tiếng Nga
Được phát hành: Москва, Горячая линия-Телеком, 2013
Loạt:Учебник для вузов
Специальность
Những chủ đề:
Định dạng: MixedMaterials Sách
KOHA link:https://koha.lib.tpu.ru/cgi-bin/koha/opac-detail.pl?biblionumber=242724

MARC

LEADER 00000nam0a2200000 4500
001 242724
005 20231101231920.0
010 |a 9785991202633 
035 |a (RuTPU)RU\TPU\book\264043 
090 |a 242724 
100 |a 20130909d2013 m y0rusy50 ca 
101 0 |a rus 
102 |a RU 
105 |a a j 001zy 
200 1 |a Предметно-ориентированные экономические информационные системы  |e учебник для вузов  |f О. А. Бодров, Р. Е. Медведев 
210 |a Москва  |c Горячая линия-Телеком  |d 2013 
215 |a 242 с.  |c ил. 
225 1 |a Учебник для вузов 
225 1 |a Специальность 
320 |a Библиогр.: с. 236-238. 
330 |a Приведены сведения о месте и роли информационных систем в управлении экономическими объектами. Даны основные понятия в области экономических информационных систем, принципы их построения и функционирования, цели и задачи, виды различного обеспечения систем. Приведены структурные особенности экономических информационных систем для различных сфер экономической и управленческой деятельности: бухгалтерских, налоговых, банковских, страховых, корпоративных, таможенных информационных систем, информационных систем рынка ценных бумаг, дистанционных информационных систем. Приведены характеристики информационных систем различных предметных областей, а также рассмотрены решаемые ими задачи. Рассмотрены вопросы классификации предметно-ориентированных экономических информационных систем, особенности их разработки и структуры. Для студентов вузов, обучающихся по направлению «Прикладная информатика (в экономике)», будет полезна аспирантам и специалистам в области разработки и эксплуатации экономических информационных систем. 
606 1 |a Экономические информационные системы  |2 stltpush  |3 (RuTPU)RU\TPU\subj\71394  |9 85329 
610 1 |a экономическая информация 
610 1 |a экономическая информатика 
610 1 |a предметно-ориентированные системы 
610 1 |a бухгалтерские информационные системы 
610 1 |a страховые системы 
610 1 |a налоговые информационные системы 
610 1 |a банковские информационные системы 
610 1 |a фондовый рынок 
610 1 |a корпоративные информационные системы 
610 1 |a управленческие информационные системы 
610 1 |a управленческий консалтинг 
610 1 |a таможенные системы 
610 1 |a дистанционно-образовательные технологии 
610 1 |a учебники 
686 |a У9(2)39я73  |v LBC/SL-A  |2 rubbk 
700 1 |a Бодров  |b О. А.  |g Олег Анатольевич 
701 1 |a Медведев  |b Р. Е.  |g Роман Евгеньевич 
801 1 |a RU  |b 63413507  |c 20130909 
801 2 |a RU  |b 63413507  |c 20150601  |g RCR 
900 |a Предметно-ориентированные экономические информационные системы 
942 |c BK 
951 |b 230700 
959 |a 121/20130909  |d 2  |e 0  |f ЧЗТЛ:1  |f АНЛ:1